Исследование физико-химических свойств высококремнезёмных цеолитов и конверсии лёгкого углеводородного сырья в высокооктановые бензины; Проблемы геологии и освоения недр

التفاصيل البيبلوغرافية
Parent link:Проблемы геологии и освоения недр.— 2008.— С. 464-465
المؤلف الرئيسي: Медведев А. С.
مؤلفون آخرون: Юргина Ю. С. (научный руководитель), Ерофеев В. И.
اللغة:الروسية
منشور في: 2008
الموضوعات:
التنسيق: MixedMaterials فصل الكتاب
KOHA link:https://koha.lib.tpu.ru/cgi-bin/koha/opac-detail.pl?biblionumber=178707

MARC

LEADER 00000naa2a2200000 4500
001 178707
005 20231031170014.0
035 |a (RuTPU)RU\TPU\book\193719 
090 |a 178707 
100 |a 20100408d2008 k y0rusy50 ca 
101 0 |a rus 
102 |a RU 
200 1 |a Исследование физико-химических свойств высококремнезёмных цеолитов и конверсии лёгкого углеводородного сырья в высокооктановые бензины  |f А. С. Медведев, Ю. С. Юргина  |g науч. рук. В. И. Ерофеев 
463 0 |0 (RuTPU)RU\TPU\book\164908  |y 5-89503-079-3  |t Проблемы геологии и освоения недр  |o труды XII Международного симпозиума имени академика М. А. Усова студентов и молодых ученых, посвященного 100-летию первого выпуска горных инженеров в Сибири и 90-летию создания Сибгеолкома в России  |f Томский политехнический университет (ТПУ), Институт геологии и нефтегазового дела (ИГНД)  |v С. 464-465  |d 2008  |p 944 с. 
610 1 |a высококремнезёмные цеолиты 
610 1 |a физико-химические свойства 
610 1 |a высокооктановые бензины 
610 1 |a железоалюмосиликаты 
610 1 |a синтезированные цеолиты 
610 1 |a спектроскопия 
610 1 |a цеолитсодержащие катализаторы 
610 1 |a нанотехнологии 
610 1 |a труды учёных ТПУ 
700 1 |a Медведев  |b А. С. 
701 1 |a Юргина  |b Ю. С. 
702 1 |a Ерофеев  |b В. И.  |4 727 
801 1 |a RU  |b 63413507  |c 20100408 
942 |c BK